000 01635nmm a2200289 a 4500
001 0000031548
003 CO-CtgCURN
005 20250329165433.0
007 co cga---uuuuu
008 161103s2016 i eng d
040 _aCO-CtgCURN
_bspa
_ccoctgcurn
082 0 _aENF 2016
_bG463
100 1 _aGil Rodríguez, Yesika.
245 1 0 _aConocimientos y practicas de cuidado de heridas ginecobstetricias en mujeres de 20 a 49 años de edad del barrio Olaya Herrera sector Rafael Nuñez. Cartagena, 2016
_h[electronic resource] /
_cJacqueline Herrera Rojas; Carolina Pérez Cassiani; Puedo González Laura; Asesor Madero Zambrano, Kendy.
260 _aCartagena de Indias :
_bCorporación Universitaria Rafael Núñez,
_c2016.
300 _a1 CD-Rom.
336 _2rdacontent
337 _2rdamedia
_asin mediacion
_bn
338 _2rdacarrier
_avolumen
_bnc
502 _aTrabajo de grado (Enfermera). Corporación Universitaria "Rafael Nuñez" Facultad de Ciencias de la Salud. Programa de Enfermeria, 2016.
520 _aPara evitar complicaciones e infecciones ginecobstetricas, es necesario que la paciente en casa adapte practica de cuidados adecuados y suficientes, basadas en conocimientos validados cientificamente.
650 0 _aEnfermeria
_xTesis y Disertaciones academicas.
700 1 _aHerrera Rojas, Jacqueline.
856 _uhttps://unicurn.sharepoint.com/:b:/s/biblioteca/EdOgytm1SP9CoWNQtXF6W_4B2ncY0gczlDMj-0NFcZFK_g?e=95XhdR
_zClick aqui para ver el recurso en texto completo
942 _hENF 2016
_iG463
_2ddc
_cTG
999 _c3952
_d3952